Quizzes
Events
Quiz Creation
Community
Videos
Private Events
Remove Ads
Sign In
Join for FREE
Feedback
Dark Mode
Quiz Categories
Sports
Geography
Music
Movies
Television
Just For Fun
Miscellaneous
History
Literature
Language
Science
Gaming
Entertainment
Religion
Holiday
For Kids
Quiz Lab
Recent
Popular Today
Quiz Kudos Today
Editor Picks
Curator Picks
Quizzes by...
Day
Popularity
Type
Ratings
Length
Year
Community
Subscriptions
Recent Discussions
Orange Saloon
Badges
Playlists
Quests
Create
Leaderboards
Showdown
Live 5
Trivia Bingo
Activity
Puzzle Library
Sporcle Events
Private Events
Virtual Trivia
Globe League
Become a Host
Pub Owners
SporcleCon
Opinionation
Our Games
Videos
Blog
Mobile Apps
Partnerships
Remove Ads and Go Orange
Feedback
Sports
Athletes
MLB
NBA
NHL
NFL
Soccer
Sports Teams
WWE
NCAA
Football
Premier League
Basketball
Baseball
Hockey
Golf
Tennis
Cricket
Rugby
Auto Racing
Olympics
World Cup
Sports
Athletes
MLB
NBA
NHL
NFL
Soccer
Sports Teams
WWE
NCAA
Football
Premier League
Basketball
Baseball
Hockey
Golf
Tennis
Cricket
Rugby
Auto Racing
Olympics
World Cup
Random Quiz
Search Sporcle
×
Quiz Lab
Quiz Lab
Sports
College
Type in answers that appear in a list
Type in answers that appear in a list
Classic
Best Score? Go Orange.
Quarterback Alma Maters Stats
Can you name the Quaterback's Colleges?
By
JEleff
15m
73 Questions
833 Plays
833 Plays
833 Plays
Comments
Comments
Give Quiz Kudos
Give Quiz Kudos
-
- Ratings
hide this ad
Random Order
Randomize order of answers
Randomize order of answers
Replay
Link that replays current quiz
Next Quiz
Link to next quiz in quiz playlist
You Got
0%
They Got
Avg Score
79%
Avg Friend Score
Upgrade to see
Score Distribution
Jump to the score distribution portion of the page
Score
0/73
Timer
15:00
0
Plays Today
Name
College
% Correct
Carson Palmer
USC
98.9%
Matt Cassel
USC
98.9%
Mark Sanchez
USC
98.9%
Matt Leinart
USC
98.9%
Vince Young
Texas
98.8%
Colt McCoy
Texas
98.8%
Rex Grossman
Florida
98.3%
Tim Tebow
Florida
98.3%
Tom Brady
Michigan
98.1%
Chad Henne
Michigan
98.1%
Todd Collins
Michigan
98.1%
Troy Aikman
UCLA
98%
Jimmy Clausen
Notre Dame
97.8%
Brady Quinn
Notre Dame
97.8%
Joe Montana
Notre Dame
97.8%
Sam Bradford
Oklahoma
96.4%
Peyton Manning
Tennessee
96.3%
Eli Manning
Ole Miss
96.2%
Ben Roethlisberger
Miami (OH)
95.9%
Troy Smith
Ohio State
95.8%
Michael Vick
Virginia Tech
95.2%
Drew Brees
Purdue
95.1%
Kyle Orton
Purdue
95.1%
Aaron Rodgers
Cal
94.5%
Matt Ryan
Boston College
94%
Matt Hasselbeck
Boston College
94%
Brian St Pierre
Boston College
94%
Dennis Dixon
Oregon
94%
Donovan McNabb
Syracuse
93.8%
Matt Schaub
Virginia
93.5%
Matt Stafford
Georgia
93.5%
Chad Pennington
Marshall
92.6%
Byron Leftwich
Marshall
92.6%
Alex Smith
Utah
92%
Drew Stanton
Michigan State
91.2%
Brett Favre
Southern Miss
91.1%
Matt Flynn
LSU
91%
Name
College
% Correct
Joe Flacco
Delaware
89.9%
Jason Campbell
Auburn
89.6%
Jay Cutler
Vanderbilt
89.4%
Steve Young
BYU
89.2%
Max Hall
BYU
89.2%
Kerry Collins
Penn State
86.7%
Brian Brohm
Louisville
86.3%
Josh Freeman
Kansas State
85.6%
Philip Rivers
NC State
84.8%
Ryan Fitzpatrick
Harvard
84.5%
David Carr
Fresno State
84.2%
Dan Marino
Pitt
83.2%
Tony Pike
Cincinnati
80.9%
Derek Anderson
Oregon State
80.6%
Matt Moore
Oregon State
80.6%
Trent Edwards
Stanford
76.8%
Tony Romo
Eastern Illinois
75%
Charlie Batch
Eastern Michigan
71.9%
Kevin Kolb
Houston
71.5%
Roger Staubach
Navy
70.6%
Charlie Whitehurst
Clemson
65.3%
Mark Brunell
Washington
61.7%
Tarvaris Jackson
Alabama St
58.2%
David Garrard
East Carolina
57.1%
Caleb Hanie
Colorado State
55.9%
Jon Kitna
Central Washington
47.3%
Bruce Gradkowski
Toledo
43.3%
Shaun Hill
Maryland
39.9%
Seneca Wallace
Iowa St
37.9%
Joe Webb
Alabama Birmingham
35.2%
Jake Delhomme
Louisiana Lafayette
35.1%
John Skelton
Fordham
24.1%
Rusty Smith
Florida Atlantic
24.1%
Tyler Thigpen
Coastal Carolina
21.6%
Luke McCown
Louisiana Tech
11%
Todd Bouman
St. Cloud State
7.7%
Quiz Playlist
Details
Report
Send in Message
Add To Playlist
Classic:
Type in answers that appear in a list
Random Order:
Randomize order of answers
Quiz Source
Last Updated: Feb 16, 2017
Quiz Scoreboard
CHALLENGE
Sign Up to Join the Scoreboard
Show All
Scores
Hide
Comments
May contain spoilers
Recently Published
Alphabetical 'K' Countries by Flag Minefield
by ylime102
Geography
3m
Pick 6: Fruits
by JohnFran
Miscellaneous
15s
Click the 1999 NBA Draft
by nibperrychub
Sports
2m
More to Explore
Quiz From the Vault
Featured Blog Post
15 Basketball Trivia Facts You Can Be March Mad About
hide this ad
You Might Also Like...
Tags
College Quiz
Alma Maters
Mater
Quarterbacks
Went
Today's Top Quizzes in Sports
Browse Sports
hide this ad
Today's Top Quizzes in College
Browse College
Top Contributed Quizzes in Sports
1
Les joueurs à 100 buts en Ligue 1 Uber Eats
2
Pick 6: NFL Teams
3
MLB 2 truths and a lie: Hall of Fame pitchers
4
2022 World Cup Stars
5
Criteria MLB: Left Handed Sluggers
6
Millionaire: NBA Finals Edition
7
Pick 6: Minor League Baseball
8
Click the 1998 NBA Draft
9
Don't Strike Out: 3000 Strikeouts
10
Pick 6: Olympics
Explore More
Trending Topics
Crossword
Anime
Harry Potter
Kpop
Disney
Marvel
NBA
Soccer
Puzzle
The Office
WWE
Pokémon
Song
Country
NFL
hide this ad
More By:
JEleff
Quiz
Plays
Rating
Category
Featured
Created
ESPN All-Time NBA Rank
1,363
3.44
Sports
Feb 10, 2016
The Five Towns
24
1.00
Geography
Feb 28, 2011
Baseball Teams with an 'F'
14
2.00
Sports
Oct 14, 2019
Go to Creator's Profile
Score Distribution
Quiz Creator Spotlight
JEleff
Follow
Send a Message
Quizzes Created
-
Created Quiz Play Count
-
More By This Creator
Popular Quizzes Today
1
Countries of Asia Without Outlines Minefield
2
Find the US States - No Outlines Minefield
3
Pick 6: Fruits
4
Alphabetical 'K' Countries by Flag Minefield
5
The Countries of the World
6
Find the US States
7
US States
8
Find the Countries of Europe - No Outlines Minefield
More Sports Quizzes
Match the Player to Their Sport
Published
Trending Quizzes
Pick 6: Harry Potter
Pick 6: Mountains
Pick 6: NFL Teams
Pick 6: Flags
Pick 6: Movie Franchises
Recently Updated
NWSL Teams
pecheneg
Women's Final Four Teams by Year
bhenderson79
Presidents Quartet II
eogle
Anything But Clue(do)
eogle
Anything But Oceanian Capitals
eogle
Anything But 7
eogle
Anything But Thing
eogle
Word Ladder: February 29
pecheneg
Song Title Questions
pecheneg
Women's NCAA Tournament #1 Seeds
pecheneg
Trending Topics
Disney
Marvel
Harry Potter
Kpop
Crossword
Anime
NBA
The Office
Pokémon
NFL
Soccer
WWE
Country
Puzzle
Song
Your Account Isn't Verified!
In order to create a playlist on Sporcle, you need to verify the email address you used during registration. Go to your
Sporcle Settings
to finish the process.
Report this User
Report this user for behavior that violates our
Community Guidelines
.
Details:
Send Report
Go to the Sporcle.com Mobile Site →
Comments